Abused, battered, or stalked: violence in intimate partner relations gendered / Jiří Buriánek, Simona Pikálková, Zuzana Podaná
Studie věnované různým druhům domácího násilí, které se vyskytují v partnerských vztazích v českém prostředí.
Record details
- ISBN: 978-80-246-3163-9
- Physical Description: 171 stran : ilustrace ; 21 cm
- Edition: First English edition
- Publisher: Prague : Charles University in Prague, Karolinum Press, 2015
Content descriptions
| Bibliography, etc. Note: | Obsahuje bibliografii a bibliografické odkazy |
Search for related items by subject
| Subject: | partnerské vztahy > Česko násilí > Česko domácí násilí > Česko stalking > Česko gender > Česko partner relationships > Czechia violence > Czechia family violence > Czechia stalking > Czechia gender > Czechia |
| Genre: | kolektivní monografie collective monographs |
Available copies
- 1 of 1 copy available at Common Catalog SPOK.
Holds
- 0 current holds with 1 total copy.
Show Only Available Copies
| Location | Call Number / Copy Notes | Barcode | Shelving Location | Status | Due Date |
|---|---|---|---|---|---|
| Jabok Library | SPr-3.7.5 /B | 424480038723 | Odborná literatura | Available | - |
| LDR | 02733nam a2200709 i 4500 | ||
|---|---|---|---|
| 001 | 24242 | ||
| 003 | CZ-PrJAB | ||
| 005 | 20160929073240.0 | ||
| 007 | ta | ||
| 008 | 160120s2015 xr a f 000 0 eng | ||
| 015 | . | ‡acnb002773557 | |
| 020 | . | ‡a978-80-246-3163-9 ‡q(brožováno) | |
| 035 | . | ‡a(CZ PrSKC)nkc20162773557 | |
| 035 | . | ‡a(OCoLC)949214205 | |
| 040 | . | ‡aABA001 ‡bcze ‡erda | |
| 043 | . | ‡ae-xr--- | |
| 072 | 7. | ‡a316.4/.7 ‡xSociální interakce. Sociální komunikace ‡2Konspekt ‡918 | |
| 080 | . | ‡a316.472.42 ‡2MRF | |
| 080 | . | ‡a316.624 ‡2MRF | |
| 080 | . | ‡a364.63-027.553 ‡2MRF | |
| 080 | . | ‡a343.436 ‡2MRF | |
| 080 | . | ‡a316.66-055.1/.3 ‡2MRF | |
| 080 | . | ‡a(437.3) ‡2MRF | |
| 080 | . | ‡a(048.8:082) ‡2MRF | |
| 100 | 1 | . | ‡aBuriánek, Jiří, ‡d1950- ‡7xx0000384 ‡4aut |
| 245 | 1 | 0. | ‡aAbused, battered, or stalked: violence in intimate partner relations gendered / ‡cJiří Buriánek, Simona Pikálková, Zuzana Podaná |
| 250 | . | ‡aFirst English edition | |
| 264 | 1. | ‡aPrague : ‡bCharles University in Prague, Karolinum Press, ‡c2015 | |
| 300 | . | ‡a171 stran : ‡bilustrace ; ‡c21 cm | |
| 336 | . | ‡atext ‡btxt ‡2rdacontent | |
| 337 | . | ‡abez média ‡bn ‡2rdamedia | |
| 338 | . | ‡asvazek ‡bnc ‡2rdacarrier | |
| 504 | . | ‡aObsahuje bibliografii a bibliografické odkazy | |
| 520 | . | ‡aStudie věnované různým druhům domácího násilí, které se vyskytují v partnerských vztazích v českém prostředí. | |
| 650 | 0 | 7. | ‡apartnerské vztahy ‡7ph115684 ‡zČesko ‡2czenas |
| 650 | 0 | 7. | ‡anásilí ‡7ph123444 ‡zČesko ‡2czenas |
| 650 | 0 | 7. | ‡adomácí násilí ‡7ph137285 ‡zČesko ‡2czenas |
| 650 | 0 | 7. | ‡astalking ‡7ph785898 ‡zČesko ‡2czenas |
| 650 | 0 | 7. | ‡agender ‡7ph175751 ‡zČesko ‡2czenas |
| 650 | 0 | 9. | ‡apartner relationships ‡zCzechia ‡2eczenas |
| 650 | 0 | 9. | ‡aviolence ‡zCzechia ‡2eczenas |
| 650 | 0 | 9. | ‡afamily violence ‡zCzechia ‡2eczenas |
| 650 | 0 | 9. | ‡astalking ‡zCzechia ‡2eczenas |
| 650 | 0 | 9. | ‡agender ‡zCzechia ‡2eczenas |
| 655 | 7. | ‡akolektivní monografie ‡7fd501537 ‡2czenas | |
| 655 | 9. | ‡acollective monographs ‡2eczenas | |
| 700 | 1 | . | ‡aPikálková, Marcela, ‡d1967- ‡7mzk2007430904 ‡4aut |
| 700 | 1 | . | ‡aPodaná, Zuzana, ‡d1980- ‡7jx20081001016 ‡4aut |
| 910 | . | ‡aABG312 | |
| 928 | 9 | . | ‡aUniverzita Karlova v Praze, nakladatelství Karolinum |
| 928 | 9 | . | ‡aKarolinum |
| 901 | . | ‡a24242 ‡b ‡c24242 ‡tbiblio | |